Winter Athletes to Country #1 - Statistics

General Stats
  • This quiz has been taken 17 times
  • The average score is 12 of 16
Answer Stats
Athlete Country % Correct
Gregor Schlierenzauer Austria
93%
Ole Einar Bjørndalen Norway
93%
Marit Bjørgen Norway
93%
Carey Price Canada
86%
Martina Sáblíková Czech Republic
86%
Janne Ahonen Finland
86%
Lim Hyo-jun South Korea
86%
Eric Frenzel Germany
79%
Kamil Stoch Poland
79%
Charlotte Kalla Sweden
79%
Martin Fourcade France
71%
Dario Cologna Switzerland
71%
Sven Kramer Netherlands
57%
Redmond Gerard USA
57%
Andris Šics Latvia
50%
Armin Zöggeler Italy
43%
No matching quizzes found
Score Distribution
Percent of People with Each Score
Percentile by Number Answered
Your Score History
You have not taken this quiz